Welcome to CU Library Online Public Access Catalogue (OPAC)

Basic media writing / (Record no. 1715)

MARC details
000 -LEADER
fixed length control field 00590nam a2200217 a 4500
001 - CONTROL NUMBER
control field 3490277
005 - DATE AND TIME OF LATEST TRANSACTION
control field 20241128162138.0
008 - FIXED-LENGTH DATA ELEMENTS--GENERAL INFORMATION
fixed length control field 950828s1996 wiua b 001 0 eng
020 ## - INTERNATIONAL STANDARD BOOK NUMBER
International Standard Book Number 0697270017
050 00 - LIBRARY OF CONGRESS CALL NUMBER
Classification number PN4783
Item number .M4 1996
082 00 - DEWEY DECIMAL CLASSIFICATION NUMBER
Classification number 808/.06607
Edition information 20
100 1# - MAIN ENTRY--PERSONAL NAME
Personal name Mencher, Melvin.
245 10 - TITLE STATEMENT
Title Basic media writing /
Statement of responsibility, etc. Melvin Mencher.
250 ## - EDITION STATEMENT
Edition statement 5th ed.
260 ## - PUBLICATION, DISTRIBUTION, ETC.
Place of publication, distribution, etc. Madison [Wis.] :
Name of publisher, distributor, etc. Brown & Benchmark,
Date of publication, distribution, etc. c1996.
300 ## - PHYSICAL DESCRIPTION
Extent xviii, 488 p. :
Other physical details ill. ;
Dimensions 24 cm.
650 #0 - SUBJECT ADDED ENTRY--TOPICAL TERM
Topical term or geographic name entry element Journalism
General subdivision Style manuals.
650 #0 - SUBJECT ADDED ENTRY--TOPICAL TERM
Topical term or geographic name entry element Writing.
650 #0 - SUBJECT ADDED ENTRY--TOPICAL TERM
Topical term or geographic name entry element Mass media.
942 ## - ADDED ENTRY ELEMENTS (KOHA)
Source of classification or shelving scheme Library of Congress Classification
Koha item type Books
Suppress in OPAC No
999 ## -
-- 1715
-- 1715
Holdings
Withdrawn status Lost status Source of classification or shelving scheme Damaged status Not for loan Collection Home library Current library Shelving location Date acquired Total checkouts Full call number Barcode Date last seen Copy number Price effective from Koha item type
    Library of Congress Classification     Non-fiction Undergraduate Library (Christ Temple) Undergraduate Library (Christ Temple) General stacks 11/28/2024   PN 4783 MEN ulct00000419 11/28/2024 1 11/28/2024 Books
© 2023-2024 Copyright: Central University Libraries. All Rights Reserved | Created by: Mahone Tech Office